000
00472nam a2200181Ia 4500
008
100917s9999 xx 000 0 und d
082
_b
4260
100
_a
आपटे ना. ह.
245
_a
उमज पडेल तर
260
_b
---
_c
1949
300
_a
163
365
_b
2
520
_a
कादंबरी
630
_a
उमज पडेल तर
650
_a
कादंबरी
730
_a
उमज पडेल तर
942
_c
BOOK
999
_c
609654
_d
609651